Study skills in English : Tutor's book
The book covers the skills which relate directly to the needs of most students: improving reading efficiency; taking notes; preparing for seminars; research techniques; how to organise and present essays; preparing for examinations
Kaydedildi:
| Yazar: | |
|---|---|
| Materyal Türü: | Kitap |
| Dil: | Undetermined |
| Baskı/Yayın Bilgisi: |
Cambridge, UK
Cambridge University Press
1980
|
| Konular: | |
| Etiketler: |
Etiketle
Etiket eklenmemiş, İlk siz ekleyin!
|
| Thư viện lưu trữ: | Trung tâm Học liệu Trường Đại học Cần Thơ |
|---|
| LEADER | 00824nam a2200229Ia 4500 | ||
|---|---|---|---|
| 001 | CTU_27239 | ||
| 008 | 210402s9999 xx 000 0 und d | ||
| 020 | |c 42.50Dfl | ||
| 082 | |a 428.007 | ||
| 082 | |b W192t | ||
| 100 | |a Wallace, Michael J | ||
| 245 | 0 | |a Study skills in English : | |
| 245 | 0 | |b Tutor's book | |
| 245 | 0 | |c Michael J Wallace | |
| 260 | |a Cambridge, UK | ||
| 260 | |b Cambridge University Press | ||
| 260 | |c 1980 | ||
| 520 | |a The book covers the skills which relate directly to the needs of most students: improving reading efficiency; taking notes; preparing for seminars; research techniques; how to organise and present essays; preparing for examinations | ||
| 650 | |a Englis | ||
| 650 | |x Study and teaching | ||
| 904 | |i Minh, 981208 | ||
| 980 | |a Trung tâm Học liệu Trường Đại học Cần Thơ | ||